000 01236cab a2200301 4500
001 ABS56431
008 090401t1996 xxu||||| |||| 00| 0 eng d
035 _a(Sirsi) u23548
041 _aeng
100 _aShuttleworth, C.
245 _aWorthless warranties?
260 _c1996
350 _a0
490 _aConstruction Law Journal
_v12(6) 1996, 397-401(5)
520 _aConsiders the difficulties the CA decision in "Crown Estates Commissioners v John Mowlem & Co Ltd" (1994 CILL 986) has brought for those regularly dealing with collateral warranties, and the extent to which a final certificate is binding and conclusive.
650 _aARBITRATION ACT 1950 S27
650 _aMANAGEMENT-DISPUTE AVOIDANCE, MANAGEMENT AND RESOLUTION-DISPUTE MANAGEMENT AND RESOLUTION-ARBITRATION
650 _aBUILT ENVIRONMENT-BUILDING CONTRACT FORMS
650 _aBUILT ENVIRONMENT-BUILDING CONTRACT FORMS-CONSTRUCTION COLLATERAL WARRANTY FORMS
650 _aCONTRACT CLAIMS
650 _aCROWN ESTATES COMMISSIONERS V JOHN MOWLEM CO LTD
650 _aFINAL CERTIFICATES
650 _aJCT 1980 CL 30(9)
650 _aTIME LIMITS
690 _aBUILT ENVIRONMENT-BUILDING CONTRACT FORMS
942 _n0
948 _c04/03/1997
999 _c15740
_d15740